000 01173nam0a22003131 4500
001 v19\rc\1909360
005 20251118180549.1
035 _a(NLR Aleph) 004998167
090 _a6357927
_c6357927
100 _a20080404d1911 u y0rusy50 ca
101 0 _arus
102 _aRU
105 _aa z |||||
200 1 _aПресноводные мягкотелые России
_fМ.Н. Саговский
210 _aСанкт-Петербург
_cтип. М. Меркушева
_d1911
215 _a29 с.
_cил.
_d25
311 _aПрил. к "Любителю природы" за 1911, № 1/2-3
316 _aЭкз. РНБ (2/890): приплетено...
_5NLR: 2/890
422 0 _12001#$aЛюбитель природы$v1911, № 1/2-3
_tЛюбитель природы
482 0 _12001#$aЛюбитель природы$v1911, № 1/2-3
_tЛюбитель природы
700 1 _aСаговский
_bМ.Н.
_gМихаил Николаевич
801 0 _aRU
_bNLR
_gpsbo
801 0 _aRU
_bRuMoRGB
_2psbo
801 1 _aRU
_bProSoft-M
_2rusmarc
852 _aNLR
_j2/890
899 _aRuMoRGB
_jV 22/240
899 _aБАН
942 _cBOOK
980 _aNB